000 00378nam a2200145Ia 4500
008 240729s9999 xx 000 0 und d
245 0 _aMakara Seri Sains
260 _aIndonesia
260 _bUniversitas Indonesia
650 _a Science (General)
650 _aScience
856 _uhttps://doaj.org/toc/2631823870bc484ab4aa21581485a26a
942 _2ddc
942 _cDOAJEJ
999 _c65769
_d65769
945 _a1
_bMadushi Gamage
_c1
_dMadushi Gamage